[Event "Biel"]
[Site "Biel SUI"]
[Date "2014.07.17"]
[EventDate "2014.07.14"]
[Round "4"]
[Result "1/2-1/2"]
[White "Radoslaw Wojtaszek"]
[Black "Maxime Vachier-Lagrave"]
[WhiteElo "2733"]
[BlackElo "2766"]
[PlyCount "76"]

1. d4 Nf6 2. c4 g6 3. Nf3 Bg7 4. g3 c6 5. Bg2 d5 6. cxd5 cxd5
7. Ne5 Ne4 8. Nc3 Nxc3 9. bxc3 O-O 10. O-O Nc6 11. Nxc6 bxc6
12. Ba3 Bf5 13. Qa4 Qd7 14. c4 Bxd4 15. Rad1 Bf6 16. cxd5 cxd5
17. Qxd7 Bxd7 18. Rxd5 Bc6 19. Ra5 Bxg2 20. Kxg2 Rfd8 21. Bb4
Bd4 22. Bxe7 Re8 23. Bc5 Bxc5 24. Rxc5 Rxe2 25. Ra5 Rb8
26. Rxa7 Rbb2 27. a4 Ra2 28. a5 Re5 29. a6 Rea5 30. Re1 Rxa6
31. Rxa6 Rxa6 32. Re2 Ra8 33. Re1 Ra6 34. Re2 Ra8 35. Re1 Ra6
36. Re2 Ra8 37. Re1 Ra6 38. Re2 Ra8 1/2-1/2

[Event "Biel"]
[Site "Biel SUI"]
[Date "2014.07.18"]
[EventDate "2014.07.14"]
[Round "5"]
[Result "1-0"]
[White "Maxime Vachier-Lagrave"]
[Black "Anish Giri"]
[WhiteElo "2766"]
[BlackElo "2750"]
[PlyCount "122"]

1. e4 e5 2. Nf3 Nc6 3. Bb5 Nf6 4. O-O Nxe4 5. Re1 Nd6 6. Nxe5
Be7 7. Bf1 Nxe5 8. Rxe5 O-O 9. Nc3 Ne8 10. Nd5 Bd6 11. Re2 c6
12. Ne3 Bc7 13. Nf5 d5 14. Ne7+ Kh8 15. Nxc8 Rxc8 16. d3 f5
17. g3 Qf6 18. Bd2 Nd6 19. Bc3 d4 20. Bd2 Nf7 21. f4 Rce8
22. Bg2 Nd6 23. a3 Bb6 24. Rxe8 Rxe8 25. Qf1 Kg8 26. Re1 Re6
27. a4 a6 28. Bf3 g6 29. Kg2 Kf7 30. Rxe6 Qxe6 31. Qa1 Bc5
32. b4 Bb6 33. Be1 Nc8 34. Bf2 Qd7 35. h3 h5 36. b5 axb5
37. axb5 cxb5 38. Qa8 Bc5 39. Bxb7 Nb6 40. Qa2+ Kg7 41. Qa6 b4
42. Bf3 Kf8 43. Qa5 Qe7 44. Kf1 Kf7 45. Kg2 Kf8 46. g4 hxg4
47. hxg4 fxg4 48. Bxg4 Qc7 49. Bf3 Kg7 50. Qb5 Nc8 51. Qc4 Qb6
52. Qd5 Qd6 53. Qe5+ Qxe5 54. fxe5 Na7 55. Bd5 Nb5 56. Bh4 g5
57. Bxg5 Kg6 58. Bd8 Kf5 59. e6 Na3 60. Bb3 Nxc2 61. Bxc2 Kxe6
1-0

[Event "Biel"]
[Site "Biel SUI"]
[Date "2014.07.19"]
[EventDate "2014.07.14"]
[Round "6"]
[Result "1/2-1/2"]
[White "Pentala Harikrishna"]
[Black "Maxime Vachier-Lagrave"]
[WhiteElo "2726"]
[BlackElo "2766"]
[PlyCount "80"]

1. e4 c5 2. Nf3 d6 3. d4 cxd4 4. Nxd4 Nf6 5. Nc3 a6 6. Qd3
Nbd7 7. Bg5 e6 8. O-O-O Be7 9. f4 Qc7 10. Be2 b5 11. Bf3 b4
12. e5 dxe5 13. Bxa8 exd4 14. Ne2 h6 15. Bh4 O-O 16. Kb1 e5
17. Qf3 exf4 18. Nxf4 Ne5 19. Qe2 g5 20. Bg3 gxf4 21. Bxf4 Bd6
22. Rxd4 Re8 23. Rhd1 Bg4 24. Qxa6 Bxd1 25. Rxd1 Nc4 26. Bxd6
Qxd6 27. Qxd6 Nxd6 28. Bf3 Nc4 29. b3 Ne5 30. Rd4 Nxf3
31. gxf3 Rb8 32. Kb2 Kf8 33. c3 bxc3+ 34. Kxc3 Ke7 35. b4 Ke6
36. a4 Nd5+ 37. Kb3 Rc8 38. Rc4 Rxc4 39. Kxc4 Kd6 40. a5 Ne3+
1/2-1/2

[Event "Biel"]
[Site "Biel SUI"]
[Date "2014.07.21"]
[EventDate "2014.07.14"]
[Round "7"]
[Result "0-1"]
[White "Alexander Motylev"]
[Black "Maxime Vachier-Lagrave"]
[WhiteElo "2698"]
[BlackElo "2766"]
[PlyCount "70"]

1. e4 c5 2. Nf3 d6 3. d4 cxd4 4. Nxd4 Nf6 5. Nc3 a6 6. Be3 Ng4
7. Bg5 h6 8. Bh4 g5 9. Bg3 Bg7 10. Be2 h5 11. h4 Nc6 12. Nb3
gxh4 13. Bxh4 Be6 14. Qd2 Qb6 15. Nd5 Bxd5 16. exd5 Nd4 17. c3
Nf5 18. Bxg4 hxg4 19. Qg5 e6 20. Qxg4 Bf6 21. dxe6 Nxh4
22. O-O-O Qxf2 23. Rxd6 Rd8 24. Rxd8+ Bxd8 25. Nd2 Qe3
26. exf7+ Kxf7 27. Rf1+ Bf6 28. Qd7+ Qe7 29. Qd3 Kg7 30. Ne4
Be5 31. Qe2 Ng6 32. g3 Re8 33. Qg4 Qe6 34. Qh5 Qxa2 35. Nc5
Qa1+ 0-1

[Event "Biel"]
[Site "Biel SUI"]
[Date "2014.07.22"]
[EventDate "2014.07.14"]
[Round "8.2"]
[Result "1/2-1/2"]
[White "Maxime Vachier-Lagrave"]
[Black "Yifan Hou"]
[WhiteElo "2766"]
[BlackElo "2629"]
[PlyCount "81"]

1. Nf3 Nf6 2. c4 e6 3. d4 d5 4. Nc3 Bb4 5. Bg5 h6 6. Bxf6 Qxf6
7. e3 O-O 8. Rc1 dxc4 9. Bxc4 c5 10. O-O cxd4 11. exd4 Rd8
12. Qe2 Nc6 13. Ne4 Qe7 14. Rfd1 Ba5 15. Nc3 Bd7 16. Bd3 Be8
17. Qe4 f5 18. Qe3 Bh5 19. Ne2 Bxf3 20. Qxf3 Nxd4 21. Nxd4
Rxd4 22. Bxf5 Rxd1+ 23. Qxd1 Rf8 24. Be4 Bb6 25. Bf3 Qf6
26. Qe2 Bd4 27. b3 Kh8 28. h3 b6 29. Rc6 Be5 30. Qe4 Qf5
31. Kf1 Rd8 32. h4 Kg8 33. Qxf5 exf5 34. Bh5 Bf6 35. Rc7 Bxh4
36. Rxa7 Kh7 37. Ra6 Rd6 38. a4 Be7 39. Be2 Kg6 40. a5 bxa5
41. Rxa5 1/2-1/2

[Event "Biel"]
[Site "Biel SUI"]
[Date "2014.07.23"]
[EventDate "2014.07.14"]
[Round "9.1"]
[Result "1-0"]
[White "Anish Giri"]
[Black "Maxime Vachier-Lagrave"]
[WhiteElo "2750"]
[BlackElo "2766"]
[PlyCount "103"]

1. d4 Nf6 2. c4 g6 3. f3 e6 4. e4 d5 5. cxd5 exd5 6. Nc3 dxe4
7. fxe4 Bb4 8. Bd3 Nxe4 9. Qe2 O-O 10. Bxe4 Re8 11. Nf3 Bf5
12. Bg5 Bxc3+ 13. bxc3 f6 14. Nd2 fxg5 15. O-O Nd7 16. Qc4+
Be6 17. Bd5 Bxd5 18. Qxd5+ Kh8 19. Rae1 c6 20. Qb3 Nb6 21. Nf3
Rxe1 22. Rxe1 Qf6 23. Qe6 Qxe6 24. Rxe6 g4 25. Ne5 Nd5 26. c4
Nf4 27. Re7 Ne2+ 28. Kf2 Nxd4 29. Rxb7 a5 30. Nd7 Ne6 31. Kg3
Rd8 32. Nf6 Ng5 33. Kxg4 h6 34. Nd7 Nf7 35. Kf4 g5+ 36. Ke3
Nd6 37. Rb8 Rxb8 38. Nxb8 Nxc4+ 39. Kd4 Nb6 40. Nxc6 a4
41. Kc5 Nc8 42. Kb4 Nb6 43. Kc5 Nc8 44. Kb4 Nb6 45. Kb5 Nd5
46. Kxa4 Kg7 47. Nb4 Ne3 48. Kb5 Kf7 49. a4 Ke6 50. a5 Kd7
51. a6 Kc8 52. Kc5 1-0

[Event "Biel"]
[Site "Biel SUI"]
[Date "2014.07.24"]
[EventDate "2014.07.14"]
[Round "10"]
[Result "1/2-1/2"]
[White "Maxime Vachier-Lagrave"]
[Black "Radoslaw Wojtaszek"]
[WhiteElo "2766"]
[BlackElo "2733"]
[PlyCount "83"]

1. e4 c5 2. Nf3 d6 3. d4 cxd4 4. Nxd4 Nf6 5. Nc3 a6 6. Be2 e5
7. Nb3 Be7 8. Bg5 Be6 9. Bxf6 Bxf6 10. Qd3 Be7 11. Nd5 Nd7
12. Rd1 Bxd5 13. Qxd5 Qc7 14. Qc4 Qxc4 15. Bxc4 Nf6 16. Bd5
Nxd5 17. Rxd5 Rc8 18. c3 g6 19. Ke2 Kd7 20. Rhd1 Ke6 21. Nd2
f5 22. a4 Rhd8 23. c4 Rc6 24. b3 Rf8 25. f4 exf4 26. Kf3 Rc5
27. Re1 Kd7 28. Rxc5 dxc5 29. exf5 Rxf5 30. Ne4 h5 31. Nc3 g5
32. h3 Bd6 33. Nd5 Be5 34. h4 gxh4 35. Rh1 Rg5 36. Rxh4 Rg3+
37. Ke4 Bd6 38. Rxh5 Rxb3 39. Rh6 Rb2 40. Nf6+ Kc6 41. Kf5 Bb8
42. a5 1/2-1/2

[Event "Chess Olympiad"]
[Site "Tromso NOR"]
[Date "2014.08.03"]
[EventDate "2014.08.02"]
[Round "2.4"]
[Result "1-0"]
[White "Maxime Vachier-Lagrave"]
[Black "Tsegmed Batchuluun"]
[WhiteElo "2768"]
[BlackElo "2513"]
[PlyCount "59"]

1. d4 d5 2. c4 c6 3. cxd5 cxd5 4. Bf4 Nc6 5. e3 Bf5 6. Qb3 Qb6
7. Qxb6 axb6 8. Nc3 Nf6 9. Nf3 e6 10. Bb5 Bb4 11. O-O Ke7
12. Rfc1 Nd7 13. Na4 Ra5 14. Bxc6 bxc6 15. Nxb6 Nxb6 16. Ne5
Rc8 17. Nxc6+ Rxc6 18. Rxc6 Nc4 19. b3 Nd2 20. Rcc1 Kf6 21. f3
Ba3 22. Rc7 Bb4 23. Rb7 Nxb3 24. Rf1 Nd2 25. Rc1 Ra4 26. Rcc7
Bg6 27. h4 h5 28. e4 Nxe4 29. fxe4 dxe4 30. g4 1-0

[Event "Chess Olympiad"]
[Site "Tromso NOR"]
[Date "2014.08.04"]
[EventDate "2014.08.02"]
[Round "3.1"]
[Result "1/2-1/2"]
[White "Levon Aronian"]
[Black "Maxime Vachier-Lagrave"]
[WhiteElo "2805"]
[BlackElo "2768"]
[PlyCount "120"]

1. d4 Nf6 2. c4 g6 3. f3 Bg7 4. e4 d6 5. Nc3 O-O 6. Be3 Nc6
7. Nge2 a6 8. Qd2 Rb8 9. Rc1 Bd7 10. d5 Ne5 11. Ng3 Re8 12. h3
b5 13. b3 h5 14. f4 Nxc4 15. bxc4 h4 16. e5 dxe5 17. fxe5 hxg3
18. exf6 exf6 19. Be2 Qe7 20. Nd1 bxc4 21. O-O Ba4 22. Bf4 g5
23. Bxg3 Qxe2 24. Qxe2 Rxe2 25. Nc3 Re3 26. Bxc7 Rb7 27. Nxa4
Rxc7 28. d6 Rd7 29. Nb6 Rd8 30. Rxc4 Re6 31. d7 f5 32. Rb1 Rd6
33. Kf1 Bd4 34. Rd1 Rxb6 35. Rdxd4 Kf8 36. Rc5 f6 37. Rxf5 Ke7
38. Rfd5 Rb7 39. Ra4 Rdxd7 40. Rxd7+ Rxd7 41. Rxa6 Rd2
42. Ra7+ Ke6 43. a4 Ra2 44. a5 Kf5 45. Kg1 g4 46. Kh2 gxh3
47. Kxh3 Kg6 48. a6 Ra3+ 49. Kg4 Ra4+ 50. Kf3 Ra2 51. Ra8 Kg7
52. g3 Ra4 53. Ke3 Rg4 54. Kd3 Rxg3+ 55. Kc4 Ra3 56. Kb5 f5
57. Rc8 f4 58. Rc7+ Kg6 59. Rc6+ Kg5 60. Kb4 Ra1 1/2-1/2

[Event "Chess Olympiad"]
[Site "Tromso NOR"]
[Date "2014.08.06"]
[EventDate "2014.08.02"]
[Round "5.12"]
[Result "1-0"]
[White "Maxime Vachier-Lagrave"]
[Black "Fernando Peralta"]
[WhiteElo "2768"]
[BlackElo "2574"]
[PlyCount "78"]

1. e4 d6 2. d4 Nf6 3. Nc3 g6 4. Be3 Bg7 5. Qd2 c6 6. Bh6 Bxh6
7. Qxh6 Qa5 8. Bd3 c5 9. d5 Nbd7 10. Nf3 c4 11. Bxc4 Qc5
12. Bd3 Qxf2+ 13. Kxf2 Ng4+ 14. Kg3 Nxh6 15. Rhe1 O-O 16. e5
dxe5 17. Nxe5 Nc5 18. Bf1 e6 19. Rad1 f6 20. Nc4 e5 21. b4 Na6
22. a3 Bd7 23. Nd6 Nf5+ 24. Nxf5 gxf5 25. Nb1 b5 26. c4 bxc4
27. Bxc4 Nc7 28. d6+ Ne6 29. Rc1 Rfd8 30. Nc3 Kg7 31. Nd5 Ng5
32. Ne7 Ne4+ 33. Rxe4 fxe4 34. Bd5 Rab8 35. Rc7 f5 36. Nc6 f4+
37. Kf2 e3+ 38. Ke1 Kf6 39. Nxb8 Bg4 1-0

[Event "Chess Olympiad"]
[Site "Tromso NOR"]
[Date "2014.08.08"]
[EventDate "2014.08.02"]
[Round "6.6"]
[Result "1/2-1/2"]
[White "Borki Predojevic"]
[Black "Maxime Vachier-Lagrave"]
[WhiteElo "2604"]
[BlackElo "2768"]
[PlyCount "61"]

1. Nf3 d5 2. c4 c6 3. e3 Nf6 4. d4 g6 5. Nc3 Bg7 6. Be2 O-O
7. O-O Be6 8. cxd5 cxd5 9. Qb3 Qb6 10. Qxb6 axb6 11. Bd2 Ne4
12. Rfc1 Nc6 13. Be1 Rfc8 14. Nxe4 dxe4 15. Nd2 Nb4 16. Rxc8+
Rxc8 17. Nxe4 Nc2 18. Rc1 Nxe1 19. Rxe1 Rc2 20. Nc3 Rxb2
21. Bd3 b5 22. Rb1 Rxb1+ 23. Bxb1 Bc4 24. f4 f5 25. Kf2 e6
26. Ne2 Bf8 27. Nc1 Ba3 28. Nb3 Kf8 29. e4 fxe4 30. Bxe4 b6
31. Ke3 1/2-1/2

[Event "Chess Olympiad"]
[Site "Tromso NOR"]
[Date "2014.08.09"]
[EventDate "2014.08.02"]
[Round "7.8"]
[Result "1-0"]
[White "Maxime Vachier-Lagrave"]
[Black "Baadur Aleksandrovich Jobava"]
[WhiteElo "2768"]
[BlackElo "2713"]
[PlyCount "277"]

1. e4 c5 2. Nf3 d6 3. Bb5+ Bd7 4. Bxd7+ Qxd7 5. O-O Nf6 6. Qe2
Nc6 7. Rd1 g5 8. c3 g4 9. Nh4 Qe6 10. d3 c4 11. dxc4 Qxe4
12. Be3 Bh6 13. Nd2 Qe5 14. Nf5 Bxe3 15. Nxe3 h5 16. Qd3 e6
17. Re1 Qg5 18. f4 gxf3 19. Nxf3 Ne5 20. Nxg5 Nxd3 21. Red1
Nxb2 22. Rf1 Rg8 23. h4 Nd7 24. Nxf7 b6 25. Rae1 Nc5 26. Nd5
Nxc4 27. Ng5 Ne5 28. Nc7+ Ke7 29. Nxa8 Rxa8 30. Re3 Ncd7
31. Rg3 Nf6 32. Nh3 Neg4 33. Nf4 Rg8 34. c4 a5 35. Rb3 e5
36. Nd5+ Nxd5 37. cxd5 Nf6 38. Rf5 Rg4 39. Rxb6 Nxd5 40. Rb7+
Ke6 41. Rxh5 Nf4 42. Rh6+ Kf5 43. Rb2 d5 44. Rh7 d4 45. h5 Ke4
46. h6 Rg6 47. Rh8 d3 48. h7 Rg7 49. a4 Rf7 50. Rf2 Ne2+
51. Kf1 d2 52. Kxe2 Rxf2+ 53. Kxf2 d1=Q 54. Rg8 Qd2+ 55. Kf1
Qd3+ 56. Kg1 Qd1+ 57. Kf2 Qd4+ 58. Ke1 Qb4+ 59. Kf2 Qb6+
60. Ke1 Qb4+ 61. Kf2 Qc5+ 62. Kf1 Ke3 63. Kg1 Ke2+ 64. Kh2 Kf1
65. h8=Q Qg1+ 66. Kh3 Qh1+ 67. Kg4 Qxg2+ 68. Kf5 Qf3+ 69. Ke6
Qc6+ 70. Ke7 Qc5+ 71. Kf6 Qc6+ 72. Kxe5 Qc5+ 73. Kf4 Qc4+
74. Kf5 Qd3+ 75. Ke5 Qe3+ 76. Kd5 Qb3+ 77. Kd6 Qb6+ 78. Kd7
Qb7+ 79. Kd6 Qb6+ 80. Kd5 Qb3+ 81. Ke4 Qc2+ 82. Ke3 Qb3+
83. Kf4 Qc4+ 84. Ke3 Qb3+ 85. Kd2 Qd5+ 86. Kc3 Qc5+ 87. Kd3
Qd5+ 88. Qd4 Qxg8 89. Qf6+ Kg2 90. Qc6+ Kf2 91. Qc5+ Kf3
92. Qf5+ Kg3 93. Qxa5 Qb3+ 94. Kd4 Qd1+ 95. Kc5 Qc2+ 96. Kb6
Qg6+ 97. Ka7 Qf7+ 98. Ka6 Qe6+ 99. Qb6 Qc4+ 100. Qb5 Qe6+
101. Ka5 Qe1+ 102. Kb6 Qe3+ 103. Qc5 Qb3+ 104. Ka5 Qb7
105. Qb5 Qe4 106. Qb3+ Kh2 107. Kb5 Qb7+ 108. Kc4 Qc6+
109. Kb4 Qd6+ 110. Kc3 Qe5+ 111. Kc2 Qe2+ 112. Kb1 Qa6
113. Qb5 Qg6+ 114. Ka1 Qg1+ 115. Ka2 Qg8+ 116. Qb3 Qd8
117. Qc2+ Kg3 118. Qc3+ Kf4 119. a5 Kf5 120. a6 Qd5+ 121. Ka1
Qa8 122. Qc5+ Ke6 123. a7 Kd7 124. Kb2 Qg2+ 125. Ka3 Qf3+
126. Ka4 Qd1+ 127. Ka5 Qa1+ 128. Kb6 Qf6+ 129. Kb7 Qb2+
130. Ka6 Qf6+ 131. Kb5 Qb2+ 132. Qb4 Qe5+ 133. Ka6 Qa1+
134. Kb6 Qg1+ 135. Qc5 Qg6+ 136. Ka5 Qg2 137. Qb5+ Ke7
138. Kb6 Qg6+ 139. Qc6 1-0

[Event "Chess Olympiad"]
[Site "Tromso NOR"]
[Date "2014.08.10"]
[EventDate "2014.08.02"]
[Round "8.5"]
[Result "1/2-1/2"]
[White "Maxime Vachier-Lagrave"]
[Black "Radoslaw Wojtaszek"]
[WhiteElo "2768"]
[BlackElo "2735"]
[PlyCount "83"]

1. d4 Nf6 2. c4 e6 3. Nf3 d5 4. Bg5 h6 5. Bxf6 Qxf6 6. Nbd2
Be7 7. Qb3 O-O 8. cxd5 exd5 9. Qxd5 c5 10. Qe5 Nc6 11. Qxf6
Bxf6 12. Ne4 Bxd4 13. Nxd4 Nxd4 14. O-O-O Be6 15. e3 Nf5
16. b3 Rfd8 17. Bc4 b6 18. g4 Ne7 19. h3 Nc6 20. Bxe6 fxe6
21. Rxd8+ Rxd8 22. Rd1 Rxd1+ 23. Kxd1 Kf7 24. Kd2 Ke7 25. f4
Nb4 26. a3 Nd5 27. Kd3 g6 28. h4 h5 29. gxh5 gxh5 30. Ng3 Nf6
31. a4 a6 32. e4 b5 33. a5 e5 34. fxe5 Ng4 35. Nxh5 Nxe5+
36. Kc3 Ng6 37. b4 Kd6 38. Nf6 cxb4+ 39. Kb3 Nxh4 40. Nd5 Nf3
41. Nxb4 Nd2+ 42. Kc2 1/2-1/2

[Event "Chess Olympiad"]
[Site "Tromso NOR"]
[Date "2014.08.11"]
[EventDate "2014.08.02"]
[Round "9.2"]
[Result "1/2-1/2"]
[White "David Navara"]
[Black "Maxime Vachier-Lagrave"]
[WhiteElo "2716"]
[BlackElo "2768"]
[PlyCount "109"]

1. d4 Nf6 2. c4 g6 3. g3 c6 4. Bg2 d5 5. Nf3 Bg7 6. Qb3 O-O
7. O-O dxc4 8. Qxc4 Bf5 9. Nc3 Nbd7 10. Qb3 Qb6 11. Re1 Qxb3
12. axb3 Bc2 13. b4 Ne4 14. Bf4 Nb6 15. Rec1 Nxc3 16. bxc3 Be4
17. Nd2 Bxg2 18. Kxg2 Rfe8 19. Ra5 Nd5 20. e4 Nxf4+ 21. gxf4
a6 22. Kf3 e6 23. Nc4 Rad8 24. h4 h5 25. Rg1 Kh7 26. Ne5 Re7
27. Ke3 Rc7 28. Nf3 Bf6 29. Kd3 Be7 30. Kc4 Ra8 31. f5 exf5
32. exf5 Bf6 33. Ng5+ Kh6 34. fxg6 fxg6 35. f4 Re7 36. Ra2
Bxg5 37. fxg5+ Kg7 38. Rf1 Rae8 39. Raf2 Rd7 40. Kc5 Rd5+
41. Kb6 Re7 42. c4 Rxd4 43. Rf4 Rd2 44. c5 a5 45. Ra1 axb4
46. Rxb4 Rc2 47. Raa4 Rce2 48. Ra7 Rc2 49. Ra5 Re5 50. Kc7
Rcxc5 51. Rxc5 Rxc5 52. Rxb7 Rf5 53. Kxc6+ Kg8 54. Kd6 Rf1
55. Ke6 1/2-1/2

[Event "Chess Olympiad"]
[Site "Tromso NOR"]
[Date "2014.08.12"]
[EventDate "2014.08.02"]
[Round "10.1"]
[Result "1/2-1/2"]
[White "Maxime Vachier-Lagrave"]
[Black "Wang Yue"]
[WhiteElo "2768"]
[BlackElo "2718"]
[PlyCount "75"]

1. d4 Nf6 2. c4 e6 3. Nf3 d5 4. Nc3 c5 5. cxd5 cxd4 6. Qxd4
exd5 7. e4 Nc6 8. Bb5 dxe4 9. Qxd8+ Kxd8 10. Ng5 Be6 11. O-O
Bb4 12. Ncxe4 Nxe4 13. Nxe4 Ke7 14. Be3 Rhd8 15. Ba4 Kf8
16. a3 Be7 17. Nc5 Bxc5 18. Bxc5+ Kg8 19. Rfd1 f6 20. Rxd8+
Rxd8 21. Rd1 Rxd1+ 22. Bxd1 Bd5 23. f3 Kf7 24. Kf2 a6 25. h4
Nd8 26. Ke3 Ne6 27. Bd6 h5 28. Bc2 g6 29. Bd3 Ng7 30. g4 g5
31. hxg5 fxg5 32. Be5 h4 33. f4 Ne6 34. fxg5 Nxg5 35. Kf4 Nh3+
36. Ke3 Ng5 37. Kf4 Nh3+ 38. Ke3 1/2-1/2

[Event "Sinquefield Cup"]
[Site "Saint Louis, MO USA"]
[Date "2014.08.31"]
[EventDate "2014.08.27"]
[Round "5"]
[Result "1-0"]
[White "Veselin Topalov"]
[Black "Maxime Vachier-Lagrave"]
[WhiteElo "2772"]
[BlackElo "2768"]
[PlyCount "81"]

1. e4 c5 2. Nf3 d6 3. d4 cxd4 4. Nxd4 Nf6 5. Nc3 a6 6. f3 e5
7. Nb3 Be6 8. Be3 Be7 9. Qd2 O-O 10. O-O-O a5 11. a4 Na6
12. g4 Nb4 13. Kb1 Qc7 14. g5 Nh5 15. Bb5 Rac8 16. Rhg1 f5
17. gxf6 Nxf6 18. Qg2 Nh5 19. Nc1 Bf6 20. Nd3 Nxd3 21. Rxd3
Nf4 22. Bxf4 exf4 23. Nd5 Bxd5 24. Rxd5 Be5 25. c3 Rf6 26. Qf2
b6 27. Ba6 Rb8 28. Bd3 Kh8 29. Rb5 Rf7 30. h4 Qa7 31. Qc2 Rc7
32. Qb3 Rc5 33. Qe6 Rxb5 34. Bxb5 Rf8 35. h5 Qc7 36. Ka2 Qd8
37. Qg4 Qc7 38. Kb3 Rc8 39. Qe6 Qc5 40. Rg5 Rb8 41. Rf5 1-0

[Event "Sinquefield Cup"]
[Site "Saint Louis, MO USA"]
[Date "2014.09.02"]
[EventDate "2014.08.27"]
[Round "6"]
[Result "1/2-1/2"]
[White "Magnus Carlsen"]
[Black "Maxime Vachier-Lagrave"]
[WhiteElo "2877"]
[BlackElo "2768"]
[PlyCount "102"]

1. e4 c5 2. Nc3 Nc6 3. Nf3 g6 4. d4 cxd4 5. Nxd4 Bg7 6. Be3
Nf6 7. Bc4 O-O 8. Bb3 Qa5 9. f3 e6 10. O-O d5 11. exd5 exd5
12. Qd2 Re8 13. Rad1 Bd7 14. Nxc6 bxc6 15. Nxd5 Qxd2 16. Nxf6+
Bxf6 17. Bxd2 Bxb2 18. Bc3 Bxc3 19. Rxd7 Rf8 20. Rfd1 Kg7
21. Rb7 Ba5 22. Rdd7 Bb6+ 23. Kf1 Rad8 24. Rxd8 Rxd8 25. Rxf7+
Kh8 26. Ke2 Re8+ 27. Kd3 Rd8+ 28. Kc3 Ba5+ 29. Kb2 Bb6 30. g4
Rd2 31. h4 Rh2 32. Ba4 h5 33. gxh5 Rxh4 34. Bxc6 gxh5 35. Be4
Rh1 36. f4 Rh3 37. c3 h4 38. f5 Re3 39. Re7 Ba5 40. c4 h3
41. Re6 h2 42. Bd5 Rxe6 43. fxe6 Bd8 44. Kb3 Kg7 45. Kb4 Kf6
46. Kb5 h1=Q 47. Bxh1 Kxe6 48. c5 Kd7 49. Ka6 Kc7 50. Kxa7 Be7
51. c6 Bc5+ 1/2-1/2

[Event "Sinquefield Cup"]
[Site "Saint Louis, MO USA"]
[Date "2014.09.04"]
[EventDate "2014.08.27"]
[Round "8"]
[Result "1/2-1/2"]
[White "Levon Aronian"]
[Black "Maxime Vachier-Lagrave"]
[WhiteElo "2805"]
[BlackElo "2768"]
[PlyCount "60"]

1. Nf3 d6 2. d4 Nf6 3. Nc3 Nbd7 4. e4 e5 5. g4 g6 6. g5 Nh5
7. Bh3 exd4 8. Nxd4 h6 9. Bxd7+ Bxd7 10. h4 Be7 11. gxh6 Bxh4
12. Be3 c6 13. Nf5 gxf5 14. Qxh5 Bf6 15. O-O-O Qe7 16. Bf4
O-O-O 17. Bxd6 Qe6 18. e5 Bxe5 19. Bxe5 Qxe5 20. h7 Rde8
21. Qxf7 Re7 22. Qg8+ Kc7 23. Rde1 Rexh7 24. Qxh7 Rxh7
25. Rxe5 Rxh1+ 26. Kd2 Kd6 27. Re3 Rh2 28. Ke1 Rh1+ 29. Kd2
Rh2 30. Ke1 Rh1+ 1/2-1/2

[Event "Sinquefield Cup"]
[Site "Saint Louis, MO USA"]
[Date "2014.09.05"]
[EventDate "2014.08.27"]
[Round "9"]
[Result "1/2-1/2"]
[White "Maxime Vachier-Lagrave"]
[Black "Veselin Topalov"]
[WhiteElo "2768"]
[BlackElo "2772"]
[PlyCount "81"]

1. Nf3 d5 2. g3 g6 3. Bg2 Bg7 4. O-O e5 5. d3 Ne7 6. e4 O-O
7. exd5 Nxd5 8. Nc3 Nc6 9. Re1 Nde7 10. a4 h6 11. a5 a6
12. Be3 Re8 13. Qd2 Nf5 14. Bc5 Rb8 15. Ne4 b6 16. axb6 cxb6
17. Ba3 Ncd4 18. Nxd4 Nxd4 19. Qd1 Bb7 20. c3 Nb5 21. Qb3 Qd7
22. Re3 Kh7 23. Rae1 f5 24. Nd2 Bxg2 25. Kxg2 Re6 26. Nf3 Rbe8
27. Kg1 e4 28. dxe4 Rxe4 29. Rxe4 Rxe4 30. Rd1 Qe8 31. Qd5
Nxa3 32. bxa3 Qe7 33. h4 Qc5 34. h5 Qxd5 35. hxg6+ Kxg6
36. Rxd5 Bxc3 37. Rd6+ Kf7 38. Rxb6 Ra4 39. Rxh6 Rxa3 40. Nh4
Ra5 41. Rc6 1/2-1/2

[Event "Isle of Man Masters"]
[Site "Douglas IMN"]
[Date "2014.10.09"]
[EventDate "2014.10.04"]
[Round "6.1"]
[Result "1/2-1/2"]
[White "Sergei Tiviakov"]
[Black "Maxime Vachier-Lagrave"]
[WhiteElo "2668"]
[BlackElo "2757"]
[PlyCount "149"]

1. e4 c5 2. Nf3 d6 3. Bb5+ Bd7 4. Bxd7+ Qxd7 5. O-O Nf6 6. e5
dxe5 7. Nxe5 Qc8 8. Qf3 e6 9. d3 Be7 10. Nc3 O-O 11. Bf4 Nfd7
12. Qg3 Nc6 13. Nxc6 Qxc6 14. Ne4 f6 15. Bd6 Rae8 16. Bxe7
Rxe7 17. Qd6 Qxd6 18. Nxd6 Ne5 19. f4 Nc6 20. a4 Rd8 21. Nc4
Kf7 22. Rae1 b6 23. Rf2 Nb4 24. Kf1 h6 25. Ne3 a6 26. Ke2 b5
27. Kf1 Nc6 28. g3 b4 29. b3 e5 30. Nf5 Ree8 31. g4 g6 32. Ng3
exf4 33. Rxe8 Rxe8 34. Rxf4 Re5 35. Ne4 f5 36. gxf5 gxf5
37. Nd2 Nd4 38. Nf3 Rd5 39. Nxd4 cxd4 40. Ke2 a5 41. Kf3 Kf6
42. Rh4 Kg5 43. Kg3 Rd6 44. Rf4 Kf6 45. Rf2 Re6 46. Rf4 Rd6
47. Rf2 Rc6 48. Rg2 Re6 49. Kf2 Kf7 50. Kf3 Re1 51. Kf2 Re8
52. Kf3 Kf6 53. Rg1 Re3+ 54. Kf2 Kf7 55. Rg2 Rh3 56. Kg1 Rf3
57. Re2 Re3 58. Rg2 Re6 59. Kf1 Rc6 60. Rf2 Kf6 61. Kg2 Re6
62. Rf4 Re2+ 63. Kf3 Rxh2 64. Rxd4 Rxc2 65. Rd5 Kg5 66. Rxa5
Rc3 67. Ke3 Rxb3 68. Ra8 Rb1 69. a5 b3 70. Kd2 f4 71. a6 Ra1
72. Kc3 f3 73. a7 f2 74. Rf8 Rxa7 75. Kxb3 1/2-1/2

[Event "Isle of Man Masters"]
[Site "Douglas IMN"]
[Date "2014.10.10"]
[EventDate "2014.10.04"]
[Round "7.1"]
[Result "1/2-1/2"]
[White "Maxime Vachier-Lagrave"]
[Black "Gabriel Sargissian"]
[WhiteElo "2757"]
[BlackElo "2690"]
[PlyCount "60"]

1. c4 e6 2. Nc3 d5 3. d4 Nf6 4. Bg5 Be7 5. e3 h6 6. Bh4 O-O
7. Rc1 b6 8. cxd5 Nxd5 9. Bxe7 Qxe7 10. Nxd5 exd5 11. Ne2 Rd8
12. Nf4 c5 13. Be2 Nc6 14. O-O c4 15. Bf3 Be6 16. Re1 Qd6
17. Nxe6 Qxe6 18. e4 Qf6 19. exd5 Nxd4 20. Rxc4 Nxf3+ 21. Qxf3
Qxf3 22. gxf3 Rxd5 23. Re7 Rf5 24. Kg2 a5 25. Rec7 Re8 26. Rc8
Rxc8 27. Rxc8+ Kh7 28. Rc6 Rb5 29. b3 Rb4 30. Rd6 a4 1/2-1/2

[Event "Isle of Man Masters"]
[Site "Douglas IMN"]
[Date "2014.10.11"]
[EventDate "2014.10.04"]
[Round "8.1"]
[Result "1-0"]
[White "David Howell"]
[Black "Maxime Vachier-Lagrave"]
[WhiteElo "2657"]
[BlackElo "2757"]
[PlyCount "67"]

1. e4 c6 2. Nc3 d5 3. Nf3 Bg4 4. h3 Bxf3 5. Qxf3 e6 6. d3 g6
7. g3 Bg7 8. Bg2 Ne7 9. O-O O-O 10. Qe2 Re8 11. Bg5 h6 12. Bd2
Nd7 13. Rae1 Qb6 14. Bc1 Qa6 15. a3 Rad8 16. h4 f5 17. Bh3
dxe4 18. dxe4 Qxe2 19. Nxe2 Ne5 20. Kg2 Nc8 21. exf5 gxf5
22. Nf4 Nd6 23. Re2 Ndf7 24. Rfe1 c5 25. b3 c4 26. bxc4 Rd4
27. Nd3 Nxc4 28. Rxe6 Rxe6 29. Rxe6 Nfd6 30. Re7 Re4 31. Rxe4
fxe4 32. Nc5 b5 33. Be6+ Kh7 34. Nxe4 1-0

[Event "FIDE Grand Prix Tashkent"]
[Site "Tashkent UZB"]
[Date "2014.10.22"]
[EventDate "2014.10.20"]
[Round "2"]
[Result "1-0"]
[White "Maxime Vachier-Lagrave"]
[Black "Rustam Mashrukovich Kasimdzhanov"]
[WhiteElo "2757"]
[BlackElo "2706"]
[PlyCount "71"]

1. e4 e5 2. Nf3 Nc6 3. Bb5 Nf6 4. d3 Bc5 5. Nbd2 d6 6. O-O Bd7
7. c3 O-O 8. Nc4 h6 9. b4 Bb6 10. a4 a5 11. Nxb6 cxb6 12. bxa5
Nxa5 13. h3 d5 14. exd5 Bxb5 15. axb5 Qxd5 16. c4 Qe6 17. Bb2
e4 18. Re1 Rad8 19. Bxf6 Qxf6 20. Rxe4 Nb3 21. Ra3 Nc5 22. Re3
Ne6 23. Qa1 Qe7 24. d4 Qf6 25. Re4 Rd6 26. d5 Qxa1+ 27. Rxa1
Nc5 28. Re3 Rc8 29. Nd2 Rd7 30. Kf1 Kf8 31. Ne4 Rdc7 32. Nd6
Rd8 33. Rae1 g6 34. Re8+ Rxe8 35. Rxe8+ Kg7 36. Ke2 1-0

[Event "FIDE Grand Prix Tashkent"]
[Site "Tashkent UZB"]
[Date "2014.10.27"]
[EventDate "2014.10.21"]
[Round "6.1"]
[Result "1/2-1/2"]
[White "Boris Gelfand"]
[Black "Maxime Vachier-Lagrave"]
[WhiteElo "2748"]
[BlackElo "2757"]
[PlyCount "74"]

1. d4 Nf6 2. c4 g6 3. Nc3 d5 4. Bf4 Bg7 5. e3 O-O 6. Rc1 c5
7. dxc5 Qa5 8. cxd5 Rd8 9. Bc4 e6 10. Ne2 Nxd5 11. Bd6 Nxc3
12. Nxc3 b5 13. Bd3 b4 14. Ne4 b3+ 15. Qd2 Qxd2+ 16. Kxd2 bxa2
17. Ra1 Bb7 18. Rxa2 Bd5 19. Ra4 Nc6 20. b4 Ne5 21. b5 f5
22. Nc3 Bxg2 23. Rha1 Nxd3 24. Kxd3 Rac8 25. Rc4 Be4+ 26. Ke2
Rxd6 27. cxd6 Rxc4 28. Nxe4 fxe4 29. d7 Bf6 30. Rxa7 Rc2+
31. Kf1 Rd2 32. b6 Kf8 33. Ra8+ Ke7 34. b7 Be5 35. b8=Q Bxb8
36. Rxb8 Rxd7 37. Rb4 Kf6 1/2-1/2